| 000 | 00471nam a2200181Ia 4500 | ||
|---|---|---|---|
| 001 | 16874 | ||
| 005 | 20260306170343.0 | ||
| 008 | 260306t1999||||xx |||||||||||||| ||und|| | ||
| 041 | _aESP | ||
| 082 |
_a657.3 _bA64A |
||
| 100 |
_aApaza Meza, Mario _eAUT |
||
| 245 | 0 | _aAnálisis e interpretación de los estados financieros y gestión financiera | |
| 260 | _c1999 | ||
| 300 |
_a626 páginas : _c21cm. |
||
| 650 | _aGEN | ||
| 654 | _aCCO | ||
| 942 |
_cLIB _dJUS _fJUS _2ddc _n |
||
| 999 |
_c16874 _d16874 |
||